000 00261nam a2200109Ia 4500
008 190216s9999||||xx |||||||||||||| ||und||
100 _aAdams Dickey
245 0 _aBasic Principles Of Supervision
260 _bEurasia Pub-Ltd
_c1966
300 _a320p
942 _cBK
999 _c4640
_d4640